The Atlas of garden ponds

Bibliographic Details
Main Author: Axelrod, Herbert R Dr
Format: Book
Published: New Jersey : TFH Publications , 19__
Subjects:

MARC

LEADER 00000cam a2200000 7i4500
001 0000001113
002 000001229
005 20000330.0
020 |a 0866223436 
090 0 0 |a 635.9672   |b AXE 
100 0 |a Axelrod, Herbert R   |c Dr 
245 1 4 |a The Atlas of garden ponds   |c Dr. Herbert R. Axelrod, Albert Spalding Benoist and Dennis Kelsey-Wood 
260 |a New Jersey :   |b TFH Publications ,   |c 19__ 
300 |a 284p :   |b ill ;   |c 33cm. 
650 0 0 |a Rock gardens 
999 |a 030335   |b BUKU   |c PINJAMAN   |e PERPUSTAKAAN KOMUNITI PETALING JAYA 
999 |a 082252   |b BUKU   |c RUJUKAN   |e PERPUSTAKAAN KOMUNITI PETALING JAYA 
999 |a 082253   |b BUKU   |c RUJUKAN   |e PERPUSTAKAAN KOMUNITI PETALING JAYA 
999 |a 082254   |b BUKU   |c RUJUKAN   |e PERPUSTAKAAN KOMUNITI PETALING JAYA